00310nam a2200133Ia 45000030006000000080041000060400015000471000031000622450034000932500011001272600009001385460012001470050017001590STCL150530s9999 xx 000 0 und d aSTCLcSTCL aKirtikar, K.R.; Basu, B.D. aIndian medicinal plants vol I aSecond c1935 aEnglish20220125170405.0